000 00822nam a22002777a 4500
001 BR7316067
003 BR-BrBNA
005 20230928084318.0
007 ta
008 230509b bl.||||| |||| 00| 0 por d
040 _aBR-BrBNA
_bpor
_cBiblioteca Nacional de Agricultura
041 _a(Por)
072 _aQ10
_b1112
_b9125
090 _ 1112 BR7316067
110 1 _aBanco do Nordeste do Brasil S.A., Fortaleza, CE. Depto. de Estudos Economicos do Nordeste
_91157
245 1 _aFarinhas de banana, resultado de pesquisas tecnologicas
260 3 _aFortaleza, CE (Brasil):
_c1969.
300 _a45 p.
500 _a13 tables; Summaries (Eng, Por)
650 _aBANANA
650 _aFARINHA
650 _aDESIDRATACAO
650 _aALIMENTO DESIDRATADO
909 _a202309
_bLucia
_c55
_dLucia Elande
942 _cBK
999 _c18088
_d18088